Statistics for WWE Smackdown Women's Champions

Click here to take the quiz!

General Stats

  • This quiz has been taken 233 times
    (213 since last reset)
  • The average score is 6 of 7

Answer Stats

Title ReignWrestler% Correct
February 12, 2017 - February 21, 2017Naomi
90%
April 2, 2017 - August 20, 2017Naomi
90%
December 4, 2016 - February 12, 2017Alexa Bliss
81%
February 21, 2017 - April 2, 2017Alexa Bliss
81%
November 14, 2017 - April 10, 2018Charlotte Flair
81%
April 10, 2018 - CurrentCarmella
80%
August 20, 2017 - November 14, 2017Natalya
76%

Score Distribution

Percentile by Number Answered

Percent of People with Each Score

Your Score History

You have not taken this quiz since the last reset